Southville International School and Colleges
Your cart is empty.
  • Cart
  • Lists
    Public lists Eva Luna New books Lux_list list_1
    Your lists Log in to create your own lists
  • Log in to your account
  • Your cookies
  • Search history
Southville International School and Colleges
  • Advanced search
  • Recent comments
  • Most popular
  • Libraries

Log in to your account

Log in with GOOGLE


If you do not have an external account, but do have a local account, you can still log in:

  1. Home
  2. MARC view: The 1987 constitution of the philippines.
Normal view MARC view ISBD view

The 1987 constitution of the philippines. (Record no. 23146)

[ view plain ]
MARC details
000 -LEADER
fixed length control field 00525nam a2200181 a 4500
005 - DATE AND TIME OF LATEST TRANSACTION
control field 20140310183442.0
008 - FIXED-LENGTH DATA ELEMENTS--GENERAL INFORMATION
fixed length control field 080704s19uu xx 00 eng d
020 ## - INTERNATIONAL STANDARD BOOK NUMBER
International Standard Book Number 9-789710-851126
050 ## - LIBRARY OF CONGRESS CALL NUMBER
Classification number KPM 1750
Item number .N152 2005
100 ## - MAIN ENTRY--PERSONAL NAME
Personal name Nolledo, Jose N.
245 ## - TITLE STATEMENT
Title The 1987 constitution of the philippines.
250 ## - EDITION STATEMENT
Edition statement 1992 revised ed.
260 ## - PUBLICATION, DISTRIBUTION, ETC. (IMPRINT)
Place of publication, distribution, etc Mandaluyong City :
Name of publisher, distributor, etc National Bookstore,
Date of publication, distribution, etc 1992.
300 ## - PHYSICAL DESCRIPTION
Extent 79
650 ## - SUBJECT ADDED ENTRY--TOPICAL TERM
Topical term or geographic name as entry element Filipiniana books.
650 ## - SUBJECT ADDED ENTRY--TOPICAL TERM
Topical term or geographic name as entry element 1987 Constitution of the Philippines.
942 ## - ADDED ENTRY ELEMENTS (KOHA)
Koha item type Books
Source of classification or shelving scheme Library of Congress Classification
Holdings
Withdrawn status Lost status Source of classification or shelving scheme Damaged status Home library Current library Shelving location Date acquired Source of acquisition Total Checkouts Full call number Barcode Date last seen Price effective from Koha item type
    Library of Congress Classification   College Library College Library Filipiniana Section 07/04/2008     KPM 1750 .N152 2005 C9550 05/08/2018 10/18/2013 Books

The 1987 constitution of the philippines.

APA

Nolledo J. N., . (1992). The 1987 constitution of the philippines. Mandaluyong City: National Bookstore.

Chicago

Nolledo Jose N, . 1992. The 1987 constitution of the philippines. Mandaluyong City: National Bookstore.

Harvard

Nolledo J. N., . (1992). The 1987 constitution of the philippines. Mandaluyong City: National Bookstore.

MLA

Nolledo Jose N, . The 1987 constitution of the philippines. Mandaluyong City: National Bookstore. 1992.

  • Place hold
  • Print
  • Cite
  • Add to your cart (remove)
  • Save record
    BIBTEX Dublin Core MARCXML MARC (non-Unicode/MARC-8) MARC (Unicode/UTF-8) MARC (Unicode/UTF-8, Standard) MODS (XML) RIS
  • More searches
    Search for this title in:
    Other Libraries (WorldCat) Other Databases (Google Scholar) Online Stores (Bookfinder.com) Open Library (openlibrary.org)

Exporting to Dublin Core...

SOUTHVILLE LIBRARY

Southville International School and Colleges Library

1281 Tropical Ave. Cor. Luxembourg St., BF Homes International, Las Pinas City

Tel. No. 8256374 / 252358 Loc. 117/146

Powered by Koha